Aktuální problémy prognostiky 86

Na minha lista:
Detalhes bibliográficos
Formato: Livro
Idioma:tcheco
Publicado em: Praha Dům techn. ČSVTS 1986
Edição:1. vyd.
Tags: Adicionar Tag
Sem tags, seja o primeiro a adicionar uma tag!

MARC

LEADER 00000nam a2200000 4500
001 c025494
005 20221220070929.1
041 0 |a cze 
044 |a CZ 
245 1 0 |a Aktuální problémy prognostiky 86 
250 |a 1. vyd. 
264 1 |a Praha  |b Dům techn. ČSVTS  |c 1986 
300 |a 141 s.